Účesy

Bibliographic Details
Main Author: 1- Matuschkových, Marie a Gerhagda (Author)
Format: Book
Language:Undetermined
PhysicalDescription:102 s.
Published: Praha TEPS MH 1973

MARC

LEADER 00000nam a2200000 a 4500
001 vtls001438164
003 SK-MaSNL
005 20260301150058.0
008 240314s1973 xx 0 und
035 |a SNK000393294 
040 |a SNK  |b slo  |c SNK  |e AACR2 
100 1 |a 1- Matuschkových, Marie a Gerhagda  |4 aut  |9 506765 
245 1 0 |a Účesy 
260 |a Praha  |b TEPS MH  |c 1973 
300 |a 102 s. 
958 |a OND 
999 |c 782413  |d 784343 
952 |t P60, <04>, [BOOK], {604}  |a SNK  |b SNK  |y VYP  |7 0  |p 17A0269065  |o snkIC 56720  |0 0  |1 0  |4 0  |d 2002-07-23  |l 0  |r 2005-01-02 00:00:00  |w 2026-02-24 
952 |t P60, <04>, [BOOK], {604}  |a SNK  |b SNK  |y VYP  |7 0  |p 17A0400564  |o snkIC 56720 D1  |i snkKIP 1800/74  |0 0  |1 1  |4 0  |d 2003-10-22  |l 0  |r 2005-01-02 00:00:00  |w 2026-02-24